[Event "44th Chess Olympiad Women 2022"]
[Site "Chennai"]
[Date "2022.08.05"]
[Round "7.15"]
[White "Gaal, Zsoka"]
[Black "Zaksaite, Salomeja"]
[Result "1-0"]
[WhiteElo "2313"]
[BlackElo "2212"]
[Annotator "TA"]
[PlyCount "91"]
[EventDate "2022.07.29"]
[EventType "team-tourn"]
[EventCountry "IND"]
[SourceTitle "playchess.com"]
[Source "ChessBase"]
[SourceQuality "1"]
[WhiteTeam "Hungary"]
[BlackTeam "Lithuania"]
[WhiteTeamCountry "HUN"]
[BlackTeamCountry "LTU"]

1. Nf3 Nf6 2. c4 g6 3. Nc3 Bg7 4. e4 d6 5. d4 O-O 6. h3 c5 7. d5 e6 8. Be3 exd5 9. exd5 Re8 10. Bd3 b5 11. cxb5 Bb7 12. O-O Nbd7 13. Bc4 Ne4 14. Qd3 Nxc3 15. bxc3 Qa5 16. Rfc1 Nb6 17. a4 Nxc4 18. Qxc4 a6 19. Rab1 axb5 20. axb5 Qa3 21. Qd3 Bc8 22. Qd1 Bf5 23. Ra1 Qb2 24. Rxa8 Rxa8 25. c4 h5 26. Nh4 Bd7 27. Qd2 Qb3 28. Qc2 Qa3 29. Bf4 Bf6 30. Nxg6 Kg7 31. Bxd6 fxg6 32. b6 Bf5 33. Qd2 Qb3 34. Bxc5 Ra2 35. Qf4 Rb2 36. Bd4 Rb1 37. Bxf6+ Kxf6 38. Qd4+ Kf7 39. Rxb1 Qxb1+ 40. Kh2 Qb4 41. d6 Bd7 42. Qd5+ Be6 43. Qb7+ Kf6 44. Qe7+ Kf5 45. b7 h4 46. Qf8+ 1-0

[Event "44th Chess Olympiad Women 2022"]
[Site "Chennai"]
[Date "2022.08.05"]
[Round "7.16"]
[White "Yakubbaeva, Nilufar"]
[Black "Injac, Teodora"]
[Result "1/2-1/2"]
[WhiteElo "2299"]
[BlackElo "2372"]
[Annotator "TA"]
[PlyCount "92"]
[EventDate "2022.07.29"]
[EventType "team-tourn"]
[EventCountry "IND"]
[SourceTitle "playchess.com"]
[Source "ChessBase"]
[SourceQuality "1"]
[WhiteTeam "Uzbekistan"]
[BlackTeam "Serbia"]
[WhiteTeamCountry "UZB"]
[BlackTeamCountry "SRB"]

1. c4 e5 2. Nc3 Bb4 3. Nd5 Be7 4. d4 d6 5. Nf3 Nf6 6. dxe5 dxe5 7. Nxf6+ Bxf6 8. Qxd8+ Kxd8 9. Bg5 Bxg5 10. Nxg5 Ke7 11. e3 Bf5 12. Rd1 f6 13. Nf3 Nd7 14. Be2 a5 15. Nh4 Be6 16. f4 Rhd8 17. O-O Nb6 18. fxe5 fxe5 19. Bd3 g6 20. b3 c6 21. Be4 Rxd1 22. Rxd1 a4 23. Nf3 axb3 24. axb3 Ra3 25. Bc2 Bf5 26. Bxf5 gxf5 27. Nxe5 Rxb3 28. Kf2 Kf6 29. Nd7+ Nxd7 30. Rxd7 h5 31. Kf3 Rb4 32. Rh7 Kg6 33. Rd7 Kf6 34. Rh7 Rxc4 35. Rxb7 Ke6 36. g3 h4 37. Rh7 hxg3 38. hxg3 c5 39. Rh8 Rg4 40. Re8+ Kd6 41. e4 Rxe4 42. Rxe4 fxe4+ 43. Kxe4 Ke6 44. g4 Kf6 45. Kd5 Kg5 46. Kxc5 Kxg4 1/2-1/2

[Event "44th Chess Olympiad Women 2022"]
[Site "Chennai"]
[Date "2022.08.05"]
[Round "7.19"]
[White "Cori T., Deysi"]
[Black "Foudzi, Siti Zulaikha"]
[Result "1-0"]
[WhiteElo "2371"]
[BlackElo "2188"]
[Annotator "TA"]
[PlyCount "117"]
[EventDate "2022.07.29"]
[EventType "team-tourn"]
[EventCountry "IND"]
[SourceTitle "playchess.com"]
[Source "ChessBase"]
[SourceQuality "1"]
[WhiteTeam "Peru"]
[BlackTeam "Malaysia"]
[WhiteTeamCountry "PER"]
[BlackTeamCountry "MAS"]

1. Nf3 f5 2. d3 Nf6 3. Bg5 e6 4. e4 Be7 5. Nc3 d5 6. Qd2 O-O 7. O-O-O d4 8. Nb5 c5 9. e5 Nd5 10. Bxe7 Qxe7 11. g3 Bd7 12. Nd6 Nc6 13. Qg5 Qxg5+ 14. Nxg5 h6 15. Nf3 Rab8 16. Bg2 b5 17. Rhe1 Rb6 18. Nh4 Nce7 19. Bxd5 Nxd5 20. Ng6 Rfb8 21. Rg1 Kh7 22. Nf4 Nb4 23. g4 Nc6 24. Rde1 Nxe5 25. Rxe5 Rxd6 26. gxf5 exf5 27. Re7 Rg8 28. h4 Be8 29. Ne6 Rd7 30. Nf8+ Rxf8 31. Rgxg7+ Kh8 32. Rh7+ Kg8 33. Rhg7+ Kh8 34. Rxd7 Bxd7 35. Rxd7 f4 36. b4 cxb4 37. Rxd4 Kg7 38. Rxb4 Rf5 39. a4 bxa4 40. Rxa4 a5 41. Kd2 Kg6 42. c4 Kh5 43. d4 Kxh4 44. c5 Rd5 45. c6 Rd8 46. Kd3 Kg4 47. Rxa5 h5 48. f3+ Kxf3 49. Rxh5 Kg2 50. Rg5+ Kf2 51. c7 Rc8 52. Rg7 f3 53. d5 Ke1 54. Re7+ Kd1 55. Rf7 Ke1 56. d6 f2 57. Kd4 f1=Q 58. Rxf1+ Kxf1 59. Kd5 1-0

[Event "44th Chess Olympiad Women 2022"]
[Site "Chennai"]
[Date "2022.08.05"]
[Round "7.20"]
[White "Sukandar, Irine Kharisma"]
[Black "Corrales Jimenez, Zenia"]
[Result "1/2-1/2"]
[WhiteElo "2373"]
[BlackElo "2143"]
[Annotator "TA"]
[PlyCount "88"]
[EventDate "2022.07.29"]
[EventType "team-tourn"]
[EventCountry "IND"]
[SourceTitle "playchess.com"]
[Source "ChessBase"]
[SourceQuality "1"]
[WhiteTeam "Indonesia"]
[BlackTeam "Mexico"]
[WhiteTeamCountry "INA"]
[BlackTeamCountry "MEX"]

1. e4 c5 2. Nf3 d6 3. d4 cxd4 4. Nxd4 Nf6 5. Nc3 g6 6. Be3 Bg7 7. f3 O-O 8. Qd2 Nc6 9. g4 Be6 10. Nxe6 fxe6 11. O-O-O Ne5 12. Be2 Qc8 13. h4 Nfd7 14. h5 Nxf3 15. Nd5 exd5 16. Qxd5+ Rf7 17. hxg6 hxg6 18. Bxf3 Ne5 19. Be2 Qc6 20. Bd4 Qxd5 21. exd5 Rf4 22. Bxe5 Bxe5 23. Rdf1 Rxf1+ 24. Rxf1 Rf8 25. Rxf8+ Kxf8 26. Bb5 Kf7 27. Bd7 Kf6 28. c3 Bf4+ 29. Kc2 Ke5 30. Be6 a5 31. Kd3 g5 32. Kc4 Bc1 33. b4 axb4 34. cxb4 Ba3 35. Kb3 Bc1 36. a4 b5 37. axb5 Be3 38. b6 Bxb6 39. Kc4 Bf2 40. Kb5 Be1 41. Ka4 Kd4 42. Kb3 Bd2 43. Bf7 Be1 44. Be6 Bd2 1/2-1/2

[Event "44th Chess Olympiad Women 2022"]
[Site "Chennai"]
[Date "2022.08.05"]
[Round "7.21"]
[White "Agrest, Inna"]
[Black "Liu, Yang Hazel"]
[Result "1-0"]
[WhiteElo "2217"]
[BlackElo "2046"]
[Annotator "TA"]
[PlyCount "143"]
[EventDate "2022.07.29"]
[EventType "team-tourn"]
[EventCountry "IND"]
[SourceTitle "playchess.com"]
[Source "ChessBase"]
[SourceQuality "1"]
[WhiteTeam "Sweden"]
[BlackTeam "SGP"]
[WhiteTeamCountry "SWE"]

1. e4 c5 2. Nf3 Nc6 3. d4 cxd4 4. Nxd4 Nf6 5. Nc3 e5 6. Ndb5 d6 7. Bg5 a6 8. Na3 b5 9. Nd5 Be7 10. Nxe7 Nxe7 11. Qd3 d5 12. exd5 Nexd5 13. Rd1 Bb7 14. Be2 O-O 15. O-O h6 16. Bc1 Qc7 17. c4 bxc4 18. Nxc4 Rfd8 19. Qa3 Ne7 20. Qa5 Qxa5 21. Nxa5 Bd5 22. b4 Bxa2 23. Rxd8+ Rxd8 24. Bxa6 Rd4 25. Ba3 Nfd5 26. Ra1 Rd2 27. Bf1 Nc3 28. b5 Ned5 29. Re1 e4 30. Nc6 Bb3 31. Ne7+ Nxe7 32. Bxe7 Ba4 33. b6 Rb2 34. Bd8 Bb5 35. Bxb5 Rxb5 36. h3 Nd5 37. Rxe4 Nxb6 38. Re8+ Kh7 39. Re7 Rb1+ 40. Kh2 Nd5 41. Rxf7 Kg6 42. Rd7 Rb5 43. Bh4 Nf6 44. Ra7 Rh5 45. Ra4 Re5 46. Ra6 Re2 47. g4 Kf7 48. Kg2 Nd5 49. Ra7+ Kg6 50. Bg3 Nf6 51. Kf3 Rc2 52. Be5 Rc5 53. Ba1 h5 54. Bd4 Rc4 55. Ba1 Rc5 56. Kg3 hxg4 57. hxg4 Rc4 58. f3 Rc1 59. Bd4 Rc4 60. Bb2 Rc2 61. Rb7 Rd2 62. Ba1 Rd1 63. Ra7 Rd2 64. Ra6 Rd5 65. f4 Kf7 66. g5 Nd7 67. g6+ Kg8 68. Ra8+ Nf8 69. Kg4 Rd6 70. f5 Rb6 71. Ra7 Rb4+ 72. Kg5 1-0

[Event "44th Chess Olympiad Women 2022"]
[Site "Chennai"]
[Date "2022.08.05"]
[Round "7.23"]
[White "Alinasab, Mobina"]
[Black "Gomez Barrera, Javiera Belen"]
[Result "1/2-1/2"]
[WhiteElo "2364"]
[BlackElo "2210"]
[Annotator "TA"]
[PlyCount "170"]
[EventDate "2022.07.29"]
[EventType "team-tourn"]
[EventCountry "IND"]
[SourceTitle "playchess.com"]
[Source "ChessBase"]
[SourceQuality "1"]
[WhiteTeam "Iran"]
[BlackTeam "Chile"]
[WhiteTeamCountry "IRI"]
[BlackTeamCountry "CHI"]

1. e4 e5 2. Nf3 Nc6 3. Bb5 a6 4. Ba4 Nf6 5. Nc3 b5 6. Bb3 Be7 7. d3 Bb7 8. a3 h6 9. Nd5 Bd6 10. Ne3 Bf8 11. O-O d6 12. Nd5 Nxd5 13. Bxd5 Be7 14. d4 Rb8 15. dxe5 Nxe5 16. Nd4 c6 17. Ba2 O-O 18. Nf5 Bc8 19. Qh5 Bxf5 20. Qxf5 Qc8 21. Qh5 Qg4 22. Qxg4 Nxg4 23. Bd2 Bf6 24. Rab1 Rfe8 25. h3 Ne5 26. b3 Ng6 27. Rfe1 Rb7 28. Rbd1 Rbe7 29. f3 Bh4 30. Rf1 Bg3 31. Be3 f5 32. Bf2 Bxf2+ 33. Rxf2 fxe4 34. fxe4 Rxe4 35. Rxd6 Ne5 36. b4+ Kh8 37. Bb3 Re1+ 38. Rf1 Rxf1+ 39. Kxf1 g6 40. Re6 Rxe6 41. Bxe6 Kg7 42. Ke2 Kf6 43. Bc8 Nc4 44. Bb7 Ke5 45. Bxc6 Nxa3 46. Kd3 Nc4 47. Bb7 a5 48. bxa5 Nxa5 49. Be4 g5 50. c3 Kd6 51. Kd4 Nb3+ 52. Ke3 Nc5 53. Bf3 Na4 54. Kd4 Kc7 55. Bd1 Kc6 56. c4 Nc5 57. Bf3+ Kb6 58. cxb5 Kxb5 59. Ke5 Kc4 60. Kf5 Kd4 61. Kg6 Ke3 62. Kxh6 Kf4 63. Kh5 Nd3 64. Bg4 Nf2 65. Bc8 Ne4 66. Bb7 Ng3+ 67. Kg6 Ne2 68. Bf3 Nd4 69. Bg4 Nc2 70. g3+ Kxg3 71. Kxg5 Ne3 72. Be6 Ng2 73. Bc8 Kh2 74. Kg4 Ne3+ 75. Kf4 Ng2+ 76. Kg4 Ne3+ 77. Kf3 Ng2 78. Kf2 Nh4 79. Bg4 Ng6 80. Kf3 Nh4+ 81. Kf4 Ng2+ 82. Kg5 Kg3 83. Bc8 Nh4 84. Bg4 Ng2 85. Bc8 Nh4 1/2-1/2

[Event "44th Chess Olympiad Women 2022"]
[Site "Chennai"]
[Date "2022.08.05"]
[Round "7.24"]
[White "Stojkovska, Monika"]
[Black "Urh, Zala"]
[Result "0-1"]
[WhiteElo "2091"]
[BlackElo "2321"]
[Annotator "TA"]
[PlyCount "58"]
[EventDate "2022.07.29"]
[EventType "team-tourn"]
[EventCountry "IND"]
[SourceTitle "playchess.com"]
[Source "ChessBase"]
[SourceQuality "1"]
[WhiteTeam "Macedonia"]
[BlackTeam "Slovenia"]
[WhiteTeamCountry "MKD"]
[BlackTeamCountry "SLO"]

1. d4 Nf6 2. c4 g6 3. Nc3 d5 4. cxd5 Nxd5 5. Qb3 Nb6 6. Nf3 Bg7 7. Bf4 O-O 8. e3 Be6 9. Qa3 a5 10. Qc5 c6 11. Bxb8 Nd7 12. Bc7 Qxc7 13. Qxe7 Rfe8 14. Qh4 Qb6 15. O-O-O h6 16. Kb1 a4 17. Nd2 a3 18. b3 Qb4 19. Rc1 c5 20. Bc4 g5 21. Qg3 Bf5+ 22. e4 cxd4 23. exf5 dxc3 24. Nf3 Rac8 25. Qg4 Kf8 26. Rhe1 Rxe1 27. Rxe1 c2+ 28. Kc1 Qc3 29. f6 Qb2+ 0-1

[Event "44th Chess Olympiad Women 2022"]
[Site "Chennai"]
[Date "2022.08.05"]
[Round "7.31"]
[White "Paasikangas, Johanna"]
[Black "Ofowino, Toritsemuwa"]
[Result "1/2-1/2"]
[WhiteElo "2155"]
[BlackElo "1870"]
[Annotator "TA"]
[PlyCount "141"]
[EventDate "2022.07.29"]
[EventType "team-tourn"]
[EventCountry "IND"]
[SourceTitle "playchess.com"]
[Source "ChessBase"]
[SourceQuality "1"]
[WhiteTeam "Finland"]
[BlackTeam "Nigeria"]
[WhiteTeamCountry "FIN"]
[BlackTeamCountry "NGR"]

1. d4 d5 2. c4 c6 3. Nf3 Nf6 4. e3 a6 5. Nbd2 Bf5 6. Nh4 Be4 7. Nxe4 Nxe4 8. Nf3 e6 9. c5 b5 10. Bd3 Be7 11. Qc2 f5 12. O-O Nd7 13. b3 O-O 14. Ne1 Qe8 15. f3 Nef6 16. a4 Qh5 17. Be2 Qg6 18. Nd3 Qe8 19. Nb4 Qc8 20. axb5 axb5 21. Bd2 Qb7 22. Bd3 g6 23. e4 Rxa1 24. Rxa1 Ra8 25. Re1 Bf8 26. exf5 exf5 27. Re6 Rc8 28. Bxf5 gxf5 29. Qxf5 Bg7 30. Re7 Kh8 31. Bg5 Qa8 32. Kf2 Rf8 33. Rxd7 Nxd7 34. Qxd7 Bxd4+ 35. Kg3 Rg8 36. Kh4 Rg6 37. g3 Qg8 38. f4 Bf6 39. Bxf6+ Rxf6 40. Kh3 Qg6 41. Qd8+ Kg7 42. Qc7+ Rf7 43. Qe5+ Kg8 44. Qe8+ Rf8 45. Qxg6+ hxg6 46. Nxc6 Re8 47. Ne5 b4 48. Kg4 Kg7 49. c6 Kf6 50. Kf3 Rc8 51. Ke3 g5 52. Kd4 gxf4 53. gxf4 Ke6 54. Kc5 d4 55. Nd3 Rh8 56. Nxb4 Rh5+ 57. Kxd4 Kd6 58. Kc4 Rxh2 59. f5 Rf2 60. Nd5 Rc2+ 61. Nc3 Kxc6 62. b4 Rf2 63. Nb5 Rc2+ 64. Nc3 Rf2 65. b5+ Kb7 66. Ne4 Rf4 67. Kd5 Rxf5+ 68. Ke6 Rxb5 69. Nd6+ Kb6 70. Nxb5 Kxb5 71. Ke5 1/2-1/2

[Event "44th Chess Olympiad Women 2022"]
[Site "Chennai"]
[Date "2022.08.06"]
[Round "8.1"]
[White "Koneru, Humpy"]
[Black "Muzychuk, Mariya"]
[Result "1/2-1/2"]
[WhiteElo "2586"]
[BlackElo "2540"]
[Annotator "TA"]
[PlyCount "68"]
[EventDate "2022.07.29"]
[EventType "team-tourn"]
[EventCountry "IND"]
[SourceTitle "playchess.com"]
[Source "ChessBase"]
[SourceQuality "1"]
[WhiteTeam "India"]
[BlackTeam "Ukraine"]
[WhiteTeamCountry "IND"]
[BlackTeamCountry "UKR"]

1. d4 Nf6 2. c4 e6 3. Nc3 Bb4 4. Qc2 d5 5. a3 Bxc3+ 6. Qxc3 O-O 7. e3 b6 8. Nf3 Bb7 9. b4 c5 10. dxc5 Ne4 11. Qc2 bxc5 12. Bd3 cxb4 13. axb4 Nc6 14. Ba3 a5 15. b5 Nb4 16. Bxb4 axb4 17. O-O b3 18. Qxb3 Nc5 19. Qc3 Nxd3 20. Rxa8 Qxa8 21. Qxd3 dxc4 22. Qxc4 Rc8 23. Qg4 Rc5 24. Nd4 h6 25. h4 Be4 26. Rd1 h5 27. Qg3 e5 28. Nc6 Bxc6 29. bxc6 Qxc6 30. Qg5 e4 31. Rd8+ Kh7 32. Qf4 Qe6 33. Qb8 Qe5 34. Qxe5 Rxe5 1/2-1/2

[Event "44th Chess Olympiad Women 2022"]
[Site "Chennai"]
[Date "2022.08.06"]
[Round "8.1"]
[White "Muzychuk, Anna"]
[Black "Harika, Dronavalli"]
[Result "1/2-1/2"]
[WhiteElo "2529"]
[BlackElo "2517"]
[Annotator "TA"]
[PlyCount "98"]
[EventDate "2022.07.29"]
[EventType "team-tourn"]
[EventCountry "IND"]
[SourceTitle "playchess.com"]
[Source "ChessBase"]
[SourceQuality "1"]
[WhiteTeam "Ukraine"]
[BlackTeam "India"]
[WhiteTeamCountry "UKR"]
[BlackTeamCountry "IND"]

1. e4 e5 2. Nf3 Nc6 3. Bc4 Bc5 4. c3 Nf6 5. d4 exd4 6. cxd4 Bb4+ 7. Nbd2 Bxd2+ 8. Bxd2 Nxe4 9. d5 Ne7 10. Bb4 d6 11. O-O O-O 12. Re1 Nc5 13. Bc3 Bd7 14. b3 Re8 15. h3 h6 16. Qd2 Ng6 17. Bd4 a5 18. Rxe8+ Qxe8 19. Re1 Qf8 20. Bc3 b6 21. Nd4 Re8 22. f3 Rxe1+ 23. Qxe1 Qe7 24. Qxe7 Nxe7 25. a3 Nf5 26. b4 axb4 27. axb4 Na4 28. Ba1 Ne3 29. Bb3 b5 30. Kf2 Nc4 31. Nc2 Nab6 32. Ne3 Bc8 33. Bd4 Bb7 34. Bxc4 Nxc4 35. Nxc4 bxc4 36. Ba7 Bxd5 37. Bb8 Kf8 38. Bxc7 Ke7 39. Ke3 Kd7 40. Bb6 Kc6 41. Bd4 g6 42. Kd2 Kb5 43. Kc3 h5 44. Bf6 Be6 45. g4 hxg4 46. hxg4 Kc6 47. Kd4 Kb5 48. Kc3 Kc6 49. Kd4 Kb5 1/2-1/2

[Event "44th Chess Olympiad Women 2022"]
[Site "Chennai"]
[Date "2022.08.06"]
[Round "8.1"]
[White "Vaishali R"]
[Black "Ushenina, Anna"]
[Result "1/2-1/2"]
[WhiteElo "2442"]
[BlackElo "2423"]
[Annotator "TA"]
[PlyCount "119"]
[EventDate "2022.07.29"]
[EventType "team-tourn"]
[EventCountry "IND"]
[SourceTitle "playchess.com"]
[Source "ChessBase"]
[SourceQuality "1"]
[WhiteTeam "India"]
[BlackTeam "Ukraine"]
[WhiteTeamCountry "IND"]
[BlackTeamCountry "UKR"]

1. e4 e5 2. Nf3 Nf6 3. Nxe5 d6 4. Nf3 Nxe4 5. Nc3 Nxc3 6. dxc3 Nc6 7. Bf4 Be7 8. Qd2 Bf5 9. O-O-O Qd7 10. Bb5 O-O 11. Ne5 Qe8 12. Nxc6 bxc6 13. Ba4 Bd7 14. h4 c5 15. Bxd7 Qxd7 16. Bg5 Rfe8 17. Qd5 Qe6 18. Qxe6 fxe6 19. Rde1 Bxg5+ 20. hxg5 Rf8 21. f3 e5 22. Rh5 Rf5 23. Reh1 Kf7 24. Kd2 Kg6 25. Ke3 Rh8 26. Ke4 c6 27. c4 Rf4+ 28. Kd3 Rf5 29. Ke4 Rf4+ 30. Kd3 d5 31. b3 dxc4+ 32. bxc4 Rd8+ 33. Kc3 Rdd4 34. Rxh7 Rxc4+ 35. Kb2 Rb4+ 36. Kc1 Ra4 37. Kb2 Rfb4+ 38. Ka1 Rc4 39. Kb2 Rcb4+ 40. Ka1 c4 41. R7h4 c3 42. Rxb4 Rxb4 43. Re1 Rb2 44. Re2 Kf5 45. g3 g6 46. a3 c5 47. a4 c4 48. a5 Rb5 49. Re3 Rxa5+ 50. Kb1 Kxg5 51. Rxc3 Rc5 52. Re3 Kf5 53. Kb2 Ra5 54. Re4 Ra4 55. Re1 g5 56. Re3 Ra5 57. Re4 Ra4 58. Re3 Ra5 59. Re4 Ra4 60. Re3 1/2-1/2

[Event "44th Chess Olympiad Women 2022"]
[Site "Chennai"]
[Date "2022.08.06"]
[Round "8.1"]
[White "Buksa, Nataliya"]
[Black "Tania, Sachdev"]
[Result "1/2-1/2"]
[WhiteElo "2401"]
[BlackElo "2399"]
[Annotator "TA"]
[PlyCount "63"]
[EventDate "2022.07.29"]
[EventType "team-tourn"]
[EventCountry "IND"]
[SourceTitle "playchess.com"]
[Source "ChessBase"]
[SourceQuality "1"]
[WhiteTeam "Ukraine"]
[BlackTeam "India"]
[WhiteTeamCountry "UKR"]
[BlackTeamCountry "IND"]

1. e4 e5 2. Nf3 Nc6 3. Bb5 a6 4. Ba4 Nf6 5. O-O Be7 6. d3 b5 7. Bb3 d6 8. a3 O-O 9. Nc3 h6 10. Be3 Re8 11. Nd5 Bb7 12. Qd2 Bf8 13. h3 Nxd5 14. Bxd5 Qd7 15. c4 Nd8 16. Bxb7 Nxb7 17. b4 c5 18. Rab1 Qc6 19. Qc2 cxb4 20. axb4 a5 21. bxa5 bxc4 22. Rb6 Qc7 23. a6 Nc5 24. Bxc5 Qxc5 25. Rfb1 c3 26. R1b5 Qa3 27. Rb3 Qa1+ 28. Rb1 Qa5 29. R1b5 Qa1+ 30. Rb1 Qa5 31. R1b5 Qa1+ 32. Rb1 1/2-1/2

[Event "44th Chess Olympiad Women 2022"]
[Site "Chennai"]
[Date "2022.08.06"]
[Round "8.2"]
[White "Dzagnidze, Nana"]
[Black "Danielian, Elina"]
[Result "1-0"]
[WhiteElo "2531"]
[BlackElo "2441"]
[Annotator "TA"]
[PlyCount "129"]
[EventDate "2022.07.29"]
[EventType "team-tourn"]
[EventCountry "IND"]
[SourceTitle "playchess.com"]
[Source "ChessBase"]
[SourceQuality "1"]
[WhiteTeam "Georgia"]
[BlackTeam "Armenia"]
[WhiteTeamCountry "GEO"]
[BlackTeamCountry "ARM"]

1. d4 Nf6 2. c4 e6 3. Nf3 d5 4. Nc3 Bb4 5. Bg5 h6 6. Bxf6 Qxf6 7. Qa4+ Nc6 8. e3 O-O 9. Be2 dxc4 10. O-O Bd6 11. Qxc4 a6 12. Rac1 Bd7 13. Ne4 Qe7 14. a3 Rfc8 15. Nc5 Nd8 16. Nxd7 Qxd7 17. Rfd1 Qe8 18. Nd2 c6 19. Ne4 Be7 20. Rc2 Rc7 21. Rdc1 Rd7 22. f4 f5 23. Nc5 Bxc5 24. Qxc5 Nf7 25. b4 Nd6 26. Bd3 Nb5 27. a4 Nc7 28. Qe5 Qe7 29. Rc5 Rad8 30. Bc4 Nd5 31. b5 axb5 32. axb5 cxb5 33. Bxb5 Rd6 34. Be2 Kh7 35. g4 b6 36. R5c2 fxg4 37. Bxg4 Qf7 38. Bf3 Nf6 39. f5 exf5 40. Qxf5+ Kh8 41. Rc8 Qe8 42. Kf2 b5 43. R1c6 Qf8 44. Rxd6 Rxc8 45. Rb6 b4 46. Rxb4 Re8 47. Rb5 Qa3 48. Qf4 Qa2+ 49. Kg3 Qf7 50. h4 Qg6+ 51. Kh3 Nd7 52. h5 Qe6+ 53. Kg3 Qxe3 54. Qxe3 Rxe3 55. Kf4 Re8 56. Be4 Kg8 57. Bg6 Rd8 58. Kf5 Nf8 59. d5 Nxg6 60. hxg6 Kf8 61. Ke6 Re8+ 62. Kd7 Re7+ 63. Kc6 Re2 64. d6 Rc2+ 65. Kd7 1-0

[Event "44th Chess Olympiad Women 2022"]
[Site "Chennai"]
[Date "2022.08.06"]
[Round "8.2"]
[White "Javakhishvili, Lela"]
[Black "Sargsyan, Anna M."]
[Result "1-0"]
[WhiteElo "2476"]
[BlackElo "2378"]
[Annotator "TA"]
[PlyCount "71"]
[EventDate "2022.07.29"]
[EventType "team-tourn"]
[EventCountry "IND"]
[SourceTitle "playchess.com"]
[Source "ChessBase"]
[SourceQuality "1"]
[WhiteTeam "Georgia"]
[BlackTeam "Armenia"]
[WhiteTeamCountry "GEO"]
[BlackTeamCountry "ARM"]

1. d4 d5 2. c4 c6 3. Nf3 Nf6 4. g3 Bf5 5. Nc3 e6 6. Nh4 Bg4 7. h3 Bh5 8. g4 Nfd7 9. Ng2 Bg6 10. Nf4 dxc4 11. h4 h6 12. Nxg6 fxg6 13. Qc2 Qf6 14. g5 Qf7 15. Rh3 Kd8 16. Rf3 Qe8 17. Bh3 Na6 18. Qe4 Nc7 19. gxh6 gxh6 20. Bf4 Bg7 21. O-O-O Rf8 22. Rg1 g5 23. hxg5 h5 24. g6 Nd5 25. Bg5+ Kc7 26. Bxe6 Nxc3 27. bxc3 Rxf3 28. exf3 Ne5 29. Bf7 Nd3+ 30. Kc2 Qxe4 31. fxe4 Nxf2 32. Re1 Rh8 33. Bh4 Ng4 34. e5 Nh6 35. Rf1 Ng4 36. Rf3 1-0

[Event "44th Chess Olympiad Women 2022"]
[Site "Chennai"]
[Date "2022.08.06"]
[Round "8.2"]
[White "Mkrtchian, Lilit"]
[Black "Batsiashvili, Nino"]
[Result "0-1"]
[WhiteElo "2362"]
[BlackElo "2466"]
[Annotator "TA"]
[PlyCount "122"]
[EventDate "2022.07.29"]
[EventType "team-tourn"]
[EventCountry "IND"]
[SourceTitle "playchess.com"]
[Source "ChessBase"]
[SourceQuality "1"]
[WhiteTeam "Armenia"]
[BlackTeam "Georgia"]
[WhiteTeamCountry "ARM"]
[BlackTeamCountry "GEO"]

1. e4 c5 2. Nf3 Nc6 3. Bb5 e5 4. Bc4 Be7 5. d3 Nf6 6. O-O O-O 7. Re1 d6 8. c3 Na5 9. Bb5 a6 10. Ba4 b5 11. Bc2 Qc7 12. Nbd2 c4 13. d4 Bg4 14. h3 Bh5 15. Nf1 exd4 16. cxd4 Nc6 17. Ng3 Bxf3 18. gxf3 Rfe8 19. Be3 Bf8 20. Rc1 Rac8 21. Kh2 g6 22. Rg1 Bg7 23. d5 Ne5 24. f4 Ned7 25. Bd4 Kf8 26. f5 Bh6 27. Qf3 Qd8 28. Be3 Bxe3 29. Qxe3 Ng8 30. fxg6 hxg6 31. Ne2 Qf6 32. Nd4 Nc5 33. Rg3 Rc7 34. Rd1 Qh4 35. f3 Nf6 36. Qd2 Re5 37. Nc6 Rh5 38. Rdg1 Nfd7 39. Qe3 Qf6 40. Nd4 Rc8 41. f4 Re8 42. f5 Ne5 43. R1g2 Ned3 44. Bxd3 cxd3 45. Rg4 Rxe4 46. Rxe4 Nxe4 47. Qxd3 Qe5+ 48. Kg1 Ng5 49. Rg3 Nxh3+ 50. Rxh3 Rxh3 51. Qe3 Rg3+ 52. Qxg3 Qxd4+ 53. Kf1 Qd1+ 54. Kf2 Qd2+ 55. Kf1 Qc1+ 56. Ke2 Qxb2+ 57. Kd1 Qb1+ 58. Kd2 Qxa2+ 59. Kc1 Qc4+ 60. Kb2 Qxd5 61. fxg6 fxg6 0-1

[Event "44th Chess Olympiad Women 2022"]
[Site "Chennai"]
[Date "2022.08.06"]
[Round "8.2"]
[White "Mkrtchyan, Mariam"]
[Black "Melia, Salome"]
[Result "1/2-1/2"]
[WhiteElo "2285"]
[BlackElo "2384"]
[Annotator "TA"]
[PlyCount "117"]
[EventDate "2022.07.29"]
[EventType "team-tourn"]
[EventCountry "IND"]
[SourceTitle "playchess.com"]
[Source "ChessBase"]
[SourceQuality "1"]
[WhiteTeam "Armenia"]
[BlackTeam "Georgia"]
[WhiteTeamCountry "ARM"]
[BlackTeamCountry "GEO"]

1. d4 d5 2. c4 e6 3. Nf3 Nf6 4. g3 h6 5. Bg2 Bd6 6. O-O O-O 7. Nbd2 c5 8. cxd5 exd5 9. dxc5 Bxc5 10. Nb3 Bb6 11. Nbd4 Re8 12. b3 Nc6 13. Bb2 Ne4 14. Rc1 Qd6 15. Nb5 Qg6 16. Nbd4 Bg4 17. Nxc6 bxc6 18. Ne5 Rxe5 19. Bxe5 Qh5 20. Bf3 Bxf3 21. exf3 Nxf2 22. Rxf2 Qxe5 23. Rxc6 Bxf2+ 24. Kxf2 Re8 25. Rc2 Qe3+ 26. Kg2 d4 27. Rd2 Rd8 28. Qe2 Qg5 29. Rd3 Qb5 30. Qd2 Qe5 31. Kf2 f5 32. Qe1 Qd5 33. Qd2 Kh8 34. Qc1 Qd6 35. Qf4 Qc5 36. Qd2 Rd5 37. Qb2 Qd6 38. Qd2 Qd7 39. Kg2 Qd6 40. b4 Qd7 41. Qd1 Qd6 42. a3 Qb6 43. Qd2 Qa6 44. Rxd4 Rxd4 45. Qxd4 Qxa3 46. Qc5 Qa2+ 47. Kg1 Qb1+ 48. Kf2 Qa2+ 49. Ke3 Qxh2 50. Qf8+ Kh7 51. Qxf5+ Kh8 52. Qf8+ Kh7 53. g4 Qe5+ 54. Kd3 Qd5+ 55. Kc3 a5 56. bxa5 Qxa5+ 57. Kd3 Qd5+ 58. Ke3 Qe5+ 59. Kf2 1/2-1/2

[Event "44th Chess Olympiad Women 2022"]
[Site "Chennai"]
[Date "2022.08.06"]
[Round "8.3"]
[White "Kiolbasa, Oliwia"]
[Black "Nandhidhaa, P V"]
[Result "1-0"]
[WhiteElo "2376"]
[BlackElo "2312"]
[Annotator "TA"]
[PlyCount "96"]
[EventDate "2022.07.29"]
[EventType "team-tourn"]
[EventCountry "IND"]
[SourceTitle "playchess.com"]
[Source "ChessBase"]
[SourceQuality "1"]
[WhiteTeam "Poland"]
[BlackTeam "India"]
[WhiteTeamCountry "POL"]
[BlackTeamCountry "IND"]

1. e4 d5 2. exd5 Qxd5 3. Nc3 Qd8 4. d4 Nf6 5. Nf3 e6 6. Bd3 c5 7. O-O cxd4 8. Nxd4 Be7 9. Be3 O-O 10. Qf3 Nbd7 11. Qg3 Nc5 12. Rad1 Nxd3 13. Rxd3 Qa5 14. Rfd1 Qh5 15. Ndb5 Ng4 16. Nc7 Bh4 17. Qd6 Nxe3 18. Rxe3 Rb8 19. N7d5 Ra8 20. Ne7+ Bxe7 21. Qxe7 f6 22. Rd8 Qf7 23. Qxf7+ Kxf7 24. Red3 e5 25. Rxf8+ Kxf8 26. Rd8+ Ke7 27. Rh8 b6 28. Rxh7 Bf5 29. Rxg7+ Ke6 30. h4 Bxc2 31. Nb5 Rh8 32. Rxa7 Rxh4 33. Rb7 Rb4 34. Rxb6+ Ke7 35. Nc3 Rd4 36. Rc6 Bf5 37. a4 Bd7 38. Ra6 Be6 39. Rb6 f5 40. a5 Rd8 41. a6 Ra8 42. Nb5 Bc8 43. a7 Bd7 44. Rb8 Bc6 45. Rxa8 Bxa8 46. Nc7 Bb7 47. a8=Q Bxa8 48. Nxa8 Kd6 1-0

[Event "44th Chess Olympiad Women 2022"]
[Site "Chennai"]
[Date "2022.08.06"]
[Round "8.3"]
[White "Karavade, Eesha"]
[Black "Kashlinskaya, Alina"]
[Result "1/2-1/2"]
[WhiteElo "2339"]
[BlackElo "2505"]
[Annotator "TA"]
[PlyCount "67"]
[EventDate "2022.07.29"]
[EventType "team-tourn"]
[EventCountry "IND"]
[SourceTitle "playchess.com"]
[Source "ChessBase"]
[SourceQuality "1"]
[WhiteTeam "India"]
[BlackTeam "Poland"]
[WhiteTeamCountry "IND"]
[BlackTeamCountry "POL"]

1. d4 Nf6 2. Nf3 d5 3. Bf4 c5 4. e3 Nc6 5. Nbd2 Bg4 6. c3 e6 7. Qb3 Qc8 8. h3 Bh5 9. Be2 Be7 10. dxc5 O-O 11. Qa3 a5 12. Bd6 Bxd6 13. cxd6 Rd8 14. O-O Ne4 15. g4 Bg6 16. Nxe4 Bxe4 17. Nd2 Bg6 18. c4 Nb4 19. Rac1 Rxd6 20. cxd5 Qd8 21. Nc4 Rxd5 22. Bf3 Rd3 23. Qa4 Nd5 24. Ne5 Rd2 25. Nxg6 hxg6 26. Rc2 Rxc2 27. Qxc2 Rc8 28. Qb3 b6 29. Rd1 Qf6 30. Kg2 Rc5 31. Bxd5 exd5 32. Rxd5 Rxd5 33. Qxd5 Qxb2 34. a4 1/2-1/2